<?xml version="1.0" encoding="UTF-8"?>
<collection xmlns="http://www.loc.gov/MARC21/slim">
 <record>
  <leader>02145cam a2200517  a4500</leader>
  <controlfield tag="001">1539076547</controlfield>
  <controlfield tag="003">DE-627</controlfield>
  <controlfield tag="005">20210413143848.0</controlfield>
  <controlfield tag="007">tu</controlfield>
  <controlfield tag="008">160427m20162016gw |||||      00| ||ger c</controlfield>
  <datafield tag="015" ind1=" " ind2=" ">
   <subfield code="a">15,N50</subfield>
   <subfield code="2">dnb</subfield>
  </datafield>
  <datafield tag="016" ind1="7" ind2=" ">
   <subfield code="a">1079739696</subfield>
   <subfield code="2">DE-101</subfield>
  </datafield>
  <datafield tag="020" ind1=" " ind2=" ">
   <subfield code="a">9783412503765</subfield>
   <subfield code="c">2 Bde. im Schuber : ca. EUR 52.00 (AT), ca. EUR 50.00 (DE)</subfield>
   <subfield code="9">978-3-412-50376-5</subfield>
  </datafield>
  <datafield tag="024" ind1="3" ind2=" ">
   <subfield code="a">9783412503765</subfield>
  </datafield>
  <datafield tag="035" ind1=" " ind2=" ">
   <subfield code="a">(DE-627)1539076547</subfield>
  </datafield>
  <datafield tag="035" ind1=" " ind2=" ">
   <subfield code="a">(DE-576)469076542</subfield>
  </datafield>
  <datafield tag="035" ind1=" " ind2=" ">
   <subfield code="a">(DE-599)DNB1079739696</subfield>
  </datafield>
  <datafield tag="040" ind1=" " ind2=" ">
   <subfield code="a">DE-627</subfield>
   <subfield code="b">ger</subfield>
   <subfield code="c">DE-627</subfield>
   <subfield code="e">rda</subfield>
  </datafield>
  <datafield tag="041" ind1=" " ind2=" ">
   <subfield code="a">ger</subfield>
  </datafield>
  <datafield tag="044" ind1=" " ind2=" ">
   <subfield code="c">XA-DE-NW</subfield>
  </datafield>
  <datafield tag="082" ind1="0" ind2="4">
   <subfield code="a">700</subfield>
  </datafield>
  <datafield tag="084" ind1=" " ind2=" ">
   <subfield code="a">9,10</subfield>
   <subfield code="2">ssgn</subfield>
  </datafield>
  <datafield tag="100" ind1="1" ind2=" ">
   <subfield code="a">Burmester, Andreas</subfield>
   <subfield code="d">1951-</subfield>
   <subfield code="e">VerfasserIn</subfield>
   <subfield code="0">(DE-588)10940548X</subfield>
   <subfield code="0">(DE-627)546760880</subfield>
   <subfield code="0">(DE-576)289642035</subfield>
   <subfield code="4">aut</subfield>
  </datafield>
  <datafield tag="245" ind1="1" ind2="4">
   <subfield code="a">Der Kampf um die Kunst</subfield>
   <subfield code="b">Max Doerner und sein Reichsinstitut für Maltechnik</subfield>
   <subfield code="c">Andreas Burmester</subfield>
  </datafield>
  <datafield tag="263" ind1=" " ind2=" ">
   <subfield code="a">201602</subfield>
  </datafield>
  <datafield tag="264" ind1=" " ind2="1">
   <subfield code="a">Köln</subfield>
   <subfield code="a">Weimar</subfield>
   <subfield code="a">Wien</subfield>
   <subfield code="b">Böhlau Verlag</subfield>
   <subfield code="c">2016-2016</subfield>
  </datafield>
  <datafield tag="300" ind1=" " ind2=" ">
   <subfield code="c">24 cm x 17 cm</subfield>
  </datafield>
  <datafield tag="336" ind1=" " ind2=" ">
   <subfield code="a">Text</subfield>
   <subfield code="b">txt</subfield>
   <subfield code="2">rdacontent</subfield>
  </datafield>
  <datafield tag="337" ind1=" " ind2=" ">
   <subfield code="a">ohne Hilfsmittel zu benutzen</subfield>
   <subfield code="b">n</subfield>
   <subfield code="2">rdamedia</subfield>
  </datafield>
  <datafield tag="338" ind1=" " ind2=" ">
   <subfield code="a">Band</subfield>
   <subfield code="b">nc</subfield>
   <subfield code="2">rdacarrier</subfield>
  </datafield>
  <datafield tag="490" ind1="0" ind2=" ">
   <subfield code="a">Schriften der Bayerischen Staatsgemäldesammlungen</subfield>
   <subfield code="v">1</subfield>
  </datafield>
  <datafield tag="689" ind1="0" ind2="0">
   <subfield code="d">p</subfield>
   <subfield code="0">(DE-588)129825425</subfield>
   <subfield code="0">(DE-627)48132643X</subfield>
   <subfield code="0">(DE-576)160758610</subfield>
   <subfield code="a">Doerner, Max</subfield>
   <subfield code="d">1870-1939</subfield>
   <subfield code="2">gnd</subfield>
  </datafield>
  <datafield tag="689" ind1="0" ind2="1">
   <subfield code="d">b</subfield>
   <subfield code="0">(DE-588)3009709-5</subfield>
   <subfield code="0">(DE-627)102155135</subfield>
   <subfield code="0">(DE-576)194022951</subfield>
   <subfield code="a">Doerner Institut</subfield>
   <subfield code="2">gnd</subfield>
  </datafield>
  <datafield tag="689" ind1="0" ind2=" ">
   <subfield code="5">DE-101</subfield>
  </datafield>
  <datafield tag="689" ind1="1" ind2="0">
   <subfield code="d">p</subfield>
   <subfield code="0">(DE-588)129825425</subfield>
   <subfield code="0">(DE-627)48132643X</subfield>
   <subfield code="0">(DE-576)160758610</subfield>
   <subfield code="a">Doerner, Max</subfield>
   <subfield code="d">1870-1939</subfield>
   <subfield code="2">gnd</subfield>
  </datafield>
  <datafield tag="689" ind1="1" ind2="1">
   <subfield code="d">b</subfield>
   <subfield code="0">(DE-588)3009709-5</subfield>
   <subfield code="0">(DE-627)102155135</subfield>
   <subfield code="0">(DE-576)194022951</subfield>
   <subfield code="a">Doerner Institut</subfield>
   <subfield code="2">gnd</subfield>
  </datafield>
  <datafield tag="689" ind1="1" ind2=" ">
   <subfield code="5">(DE-627)</subfield>
  </datafield>
  <datafield tag="776" ind1="0" ind2="8">
   <subfield code="i">Erscheint auch als</subfield>
   <subfield code="n">Online-Ausgabe</subfield>
   <subfield code="a">Burmester, Andreas, 1951 - </subfield>
   <subfield code="t">Der Kampf um die Kunst</subfield>
   <subfield code="d">Köln : Böhlau Verlag, 2016</subfield>
   <subfield code="h">Online-Ressource</subfield>
   <subfield code="w">(DE-627)1558307362</subfield>
   <subfield code="w">(DE-576)488307368</subfield>
  </datafield>
  <datafield tag="787" ind1="0" ind2="8">
   <subfield code="i">Rezensiert in</subfield>
   <subfield code="a">Meyer, Andrea, 1968 - </subfield>
   <subfield code="t">Bis in die Maltechnik ideologisiert</subfield>
   <subfield code="d">2017</subfield>
   <subfield code="w">(DE-627)1753989981</subfield>
  </datafield>
  <datafield tag="951" ind1=" " ind2=" ">
   <subfield code="a">MC</subfield>
  </datafield>
  <datafield tag="990" ind1=" " ind2=" ">
   <subfield code="a">Doerner, Max</subfield>
  </datafield>
  <datafield tag="990" ind1=" " ind2=" ">
   <subfield code="a">Doerner Institut</subfield>
  </datafield>
  <datafield tag="990" ind1=" " ind2=" ">
   <subfield code="a">Doerner, Max</subfield>
  </datafield>
  <datafield tag="990" ind1=" " ind2=" ">
   <subfield code="a">Doerner Institut</subfield>
  </datafield>
  <datafield tag="991" ind1=" " ind2=" ">
   <subfield code="a">Rezensiertes Werk</subfield>
  </datafield>
  <datafield tag="999" ind1=" " ind2=" ">
   <subfield code="a">KXP-PPN1539076547</subfield>
   <subfield code="e">4049914557</subfield>
  </datafield>
 </record>
</collection>
